Statistics for All 6LACK Songs

Click here to take the quiz!

General Stats

  • This quiz has been taken 70 times
    (46 since last reset)
  • The average score is 29 of 48

Answer Stats

AlbumSong% Correct
FREE 6LACKPrblms
97%
East Atlanta Love LetterPretty Little Fears
97%
FREE 6LACKFree
90%
FREE 6LACKNever Know
76%
East Atlanta Love LetterEast Atlanta Love Letter
72%
FREE 6LACKLuving U
72%
FREE 6LACKOne Way
72%
FREE 6LACKAlone / EA6
69%
Rent Free / By Any MeansBy Any Means
69%
East Atlanta Love LetterDisconnect
69%
FREE 6LACKEx Calling
69%
East Atlanta Love LetterLoaded Gun
69%
6pc Hot EPLong Nights
69%
East Atlanta Love LetterNonchalant
69%
Rent Free / By Any MeansRent Free
69%
FREE 6LACKRules
69%
East Atlanta Love LetterSwitch
69%
East Atlanta Love LetterUnfair
69%
6pc Hot EPKnow My Rights
66%
East Atlanta Love LetterStan
66%
6pc Hot EPATL Freestyle
62%
FREE 6LACKLearn Ya
62%
East Atlanta Love LetterLet Her Go
62%
East Atlanta Love LetterSeasons
62%
East Atlanta Love LetterSorry
62%
East Atlanta Love LetterBalenciaga Challenge
59%
6pc Hot EPElephant in the Room
59%
6pc Hot EPFloat
59%
FREE 6LACKGettin' Old
59%
FREE 6LACKGlock Six
59%
FREE 6LACKIn Between
59%
FREE 6LACKMTFU
59%
SuncityOTW
59%
6pc Hot EPOutside
59%
FREE 6LACKWorst Luck
59%
SingleBless Me
52%
Single #6Cutting Ties
52%
East Atlanta Love LetterThugger's Interlude
52%
Single #9Calling My Phone
48%
East Atlanta Love LetterScripture
48%
Single #3First F**k
45%
Single #2Loyal
45%
BEFORE LOVE CAME TO KILL USImported
41%
Single #4That Far
41%
LUCIDMushroom Chocolate
31%
Single #5Grab the Wheel
28%
Single #7it's not u it's me
28%
Single #8Stay Down
24%

Score Distribution

Percentile by Number Answered

Percent of People with Each Score

Your Score History

You have not taken this quiz since the last reset